000 01642nam0a2200385 4500
001 RU\NLR\bibl\812939
005 20250614133514.0
010 _a5-94157-480-0
_94000
021 _aRU
_b2005-10387
_9537
035 _aRSL-KNO-002576123
035 _a(NLR Aleph) 000801992
090 _a1187110
_c1187110
100 _a20050301d2005 |||y0rusy50 ca
101 0 _arus
102 _aRU
105 _aa |||||||||
106 _ar
200 1 _aMicrosoft Excel для студента
_fЛ.В. Рудикова
210 _aСПб.
_cБХВ-Петербург
_d2005
_gГУП Тип. Наука
215 _a366 с.
_cил.
_d20
300 _aНа 4-й с. обл. авт.: Рудакова Л.В., к.ф.-м.н., доц.
320 _aБиблиогр.: с. 363-364 (20 назв.)
320 _aПредм. указ.: с. 365-366
606 1 _aMICROSOFT EXCEL, электронные таблицы
_92071197
_3RU\NLR\auth\661245948
610 0 _aВычислительная техника -- Вычислительные машины электронные цифровые -- Персональные компьютеры -- Программирование -- Электронные таблицы -- Пособие по решению задач в высшей школе
686 _aЗ973.26-018.2я73-41
_2rubbk
686 _aЗ973.233-018.2
700 1 _aРудикова
_bЛ. В.
_gЛада Владимировна
_4070
801 0 _aRU
_bRuMoRKP
_c20050301
_grcr
801 1 _aRU
_bRuMoRGB
_c20050301
801 2 _aRU
_bNLR
_c20050624
_gPSBO
830 _aавт. по кн.
942 _cBOOK
980 _aNB